[Event "XIII OGOLNOPOLSKA OLIMPIADA MLODZIEZY -"]
[Site "Turawa"]
[Date "2007.05.03"]
[Round "9.1"]
[White "Kanarek, Marcel"]
[Black "Swiercz, Dariusz"]
[Result "0-1"]
[WhiteElo "2225"]
[BlackElo "2248"]
[PlyCount "74"]
[EventDate "2007.??.??"]

1. e4 e6 2. d4 d5 3. Nc3 Bb4 4. e5 c5 5. Bd2 Ne7 6. Nb5 Bxd2+ 7. Qxd2 O-O 8. f4
a6 9. Nd6 cxd4 10. Nf3 Nbc6 11. Bd3 f6 12. O-O Bd7 13. Qe1 Be8 14. Nxb7 Qb6 15.
Nd6 Bg6 16. Qg3 fxe5 17. fxe5 Nf5 18. Nxf5 Bxf5 19. a3 Ne7 20. Ng5 h6 21. Nh3
Bxd3 22. cxd3 Nf5 23. Qg6 Ne3 24. Nf4 Nxf1 25. Rxf1 Qc6 26. Qg4 Rf5 27. Re1 Qe8
28. g3 Rc8 29. Re2 h5 30. Qh3 Qf7 31. Kg2 Rc1 32. b4 g6 33. a4 Qe8 34. b5 axb5
35. axb5 Qxb5 36. g4 Rf8 37. g5 Qe8 0-1

[Event "XIII OGOLNOPOLSKA OLIMPIADA MLODZIEZY -"]
[Site "Turawa"]
[Date "2007.05.03"]
[Round "9.2"]
[White "Wieczorek, Oskar"]
[Black "Krzyzanowski, Marcin"]
[Result "0-1"]
[WhiteElo "2125"]
[BlackElo "2229"]
[PlyCount "102"]
[EventDate "2007.??.??"]

1. e4 e5 2. Nf3 Nc6 3. Bb5 a6 4. Ba4 Nf6 5. O-O Be7 6. Re1 b5 7. Bb3 O-O 8. a4
Bb7 9. d3 d6 10. Nbd2 h6 11. Nf1 Re8 12. Bd2 b4 13. a5 Bf8 14. Ne3 Rb8 15. c3
bxc3 16. bxc3 Ne7 17. Qc2 Ng6 18. Ba4 c6 19. Nc4 Nd7 20. d4 exd4 21. cxd4 d5
22. exd5 Rxe1+ 23. Rxe1 cxd5 24. Nce5 Ngxe5 25. dxe5 Nc5 26. Nd4 Rc8 27. Qb1
Qc7 28. Bd1 Ne4 29. Be3 Qxa5 30. Bg4 Re8 31. Rc1 Qb4 32. Qxb4 Bxb4 33. Rb1 a5
34. Nc2 Nc3 35. Rb3 Bc8 36. Bxc8 Rxc8 37. Nxb4 d4 38. Bd2 axb4 39. f3 Rc4 40.
Kf2 Kf8 41. Ke1 Ke7 42. Bf4 Ke6 43. Kd2 Nd5 44. Bg3 Ne3 45. Kd3 Kd5 46. Rb2
Rc3+ 47. Ke2 Kc4 48. Be1 Rc2+ 49. Rxc2+ Nxc2 50. Bh4 Kc3 51. Kd1 b3 0-1

[Event "XIII OGOLNOPOLSKA OLIMPIADA MLODZIEZY -"]
[Site "Turawa"]
[Date "2007.05.03"]
[Round "9.3"]
[White "Obrusnik, Michal"]
[Black "Strzemiecki, Zbigniew"]
[Result "1-0"]
[WhiteElo "1977"]
[BlackElo "2285"]
[PlyCount "75"]
[EventDate "2007.??.??"]

1. e4 e6 2. d4 d5 3. Nc3 Bb4 4. e5 Ne7 5. Bd2 b6 6. Nb5 Bxd2+ 7. Qxd2 O-O 8. f4
f6 9. exf6 Rxf6 10. Nf3 c5 11. c3 Nbc6 12. Be2 a6 13. Na3 Qc7 14. g3 Nf5 15.
O-O Nd6 16. Ne5 Ne4 17. Qe3 Ne7 18. g4 Bb7 19. Nc2 cxd4 20. Nxd4 g5 21. Nd3
gxf4 22. Rxf4 Raf8 23. Raf1 Rxf4 24. Rxf4 Rxf4 25. Nxe6 Qd6 26. Ndxf4 Ng6 27.
Qd4 Ne5 28. Nd3 Qxe6 29. Qxe5 Qc6 30. Nf4 Qc5+ 31. Qd4 Qd6 32. Nh5 Qg6 33. Qe5
Nc5 34. Nf6+ Kf8 35. g5 h6 36. Qd6+ Kg7 37. Qe7+ Qf7 38. gxh6+ 1-0

[Event "XIII OGOLNOPOLSKA OLIMPIADA MLODZIEZY -"]
[Site "Turawa"]
[Date "2007.05.03"]
[Round "9.4"]
[White "Wandzik, Wojciech"]
[Black "Matuszewski, Michal"]
[Result "1/2-1/2"]
[WhiteElo "1945"]
[BlackElo "2136"]
[PlyCount "87"]
[EventDate "2007.??.??"]

1. e4 e6 2. d4 d5 3. exd5 exd5 4. Nf3 Bd6 5. c4 Nf6 6. Nc3 O-O 7. Bg5 Re8+ 8.
Be2 dxc4 9. O-O Nbd7 10. Bxc4 h6 11. Bh4 Nb6 12. Bb3 c6 13. Qd3 Be6 14. Ne4 Be7
15. Bxe6 fxe6 16. Bxf6 Bxf6 17. Nc5 Qd5 18. Rfe1 Rad8 19. Nxb7 Rd7 20. Qg6 Rf7
21. Rac1 Ree7 22. Nc5 Bxd4 23. Rcd1 e5 24. Ne4 c5 25. b3 Re6 26. Qh5 Rf4 27.
Nc3 Qd6 28. Nb5 Qe7 29. a4 a6 30. Nbxd4 cxd4 31. Rxe5 Nd7 32. Rxe6 Qxe6 33. h3
Qxb3 34. Rxd4 Rxd4 35. Nxd4 Qb1+ 36. Kh2 Qb8+ 37. g3 Nf6 38. Qe2 Qb4 39. Qa2+
Kh8 40. Nf5 Qc5 41. Nh4 Ne4 42. Kg2 Qc6 43. Kh2 Qc5 44. Kg2 1/2-1/2

[Event "XIII OGOLNOPOLSKA OLIMPIADA MLODZIEZY -"]
[Site "Turawa"]
[Date "2007.05.03"]
[Round "9.5"]
[White "Witek, Tomasz"]
[Black "Barski, Radoslaw"]
[Result "1-0"]
[WhiteElo "2109"]
[BlackElo "1987"]
[PlyCount "81"]
[EventDate "2007.??.??"]

1. d4 Nf6 2. Nf3 g6 3. c4 Bg7 4. Nc3 d6 5. Bg5 h6 6. Bh4 g5 7. Bg3 Nh5 8. e3 c5
9. Be2 Nxg3 10. hxg3 Nc6 11. d5 Ne5 12. Qc2 Qa5 13. Nd2 Bd7 14. a4 a6 15. Ra3
Rb8 16. f3 Ng6 17. f4 Bxc3 18. bxc3 b5 19. Bd3 b4 20. cxb4 cxb4 21. Qb2 Bg4 22.
Kf2 Kd7 23. Rb3 Qb6 24. Qc2 Kc7 25. Bf5 h5 26. Qe4 Bxf5 27. Qxf5 h4 28. Ke2
hxg3 29. Rxh8 Rxh8 30. Qxg5 Qa5 31. f5 Ne5 32. Qxe7+ Nd7 33. Ne4 Qb6 34. a5
Qxa5 35. Qxd6+ Kd8 36. Rxb4 Qc7 37. Qxa6 Qe5 38. Qd6 Qxd6 39. Nxd6 Rh1 40.
Nxf7+ Ke7 41. Rb7 1-0

[Event "XIII OGOLNOPOLSKA OLIMPIADA MLODZIEZY -"]
[Site "Turawa"]
[Date "2007.05.03"]
[Round "9.6"]
[White "Siwiec, Arkadiusz"]
[Black "Kowalczyk, Rafal"]
[Result "1/2-1/2"]
[WhiteElo "2025"]
[BlackElo "1948"]
[PlyCount "120"]
[EventDate "2007.??.??"]

1. e4 e5 2. Nf3 Nc6 3. Bb5 a6 4. Ba4 d6 5. d4 exd4 6. Nxd4 Bd7 7. O-O Nf6 8.
Nc3 Be7 9. Re1 O-O 10. Nxc6 bxc6 11. Qd3 c5 12. Bxd7 Qxd7 13. Bf4 Qg4 14. Bg3
Rfd8 15. h3 Qg6 16. Bh2 c6 17. f4 Nd7 18. Qf3 Rab8 19. b3 c4 20. Rad1 cxb3 21.
cxb3 Rbc8 22. Ne2 Nb6 23. Nd4 Bf6 24. e5 dxe5 25. fxe5 Be7 26. Kh1 Bc5 27. Bg1
Bxd4 28. Bxd4 Nd5 29. Qf2 Ne7 30. Rf1 Rd5 31. Bb2 Rcd8 32. Rxd5 Nxd5 33. Rd1
Qe4 34. Qb6 Rc8 35. Qxa6 Qf5 36. Rf1 Qe6 37. Qe2 Ra8 38. a3 Rb8 39. Qf3 Ne7 40.
b4 c5 41. Bc3 cxb4 42. Bxb4 Ng6 43. Bd6 Rd8 44. Qb7 h6 45. a4 Qd7 46. Qxd7 Rxd7
47. Rc1 Ra7 48. Rc4 Ra5 49. Re4 Rd5 50. Bb8 Kf8 51. Kg1 Ke7 52. Kf2 Ke6 53. Ke2
Ne7 54. Rc4 Kd7 55. Rg4 Nf5 56. Rb4 Nd4+ 57. Kf2 Kc6 58. Ba7 Ne6 59. Re4 Rd2+
60. Re2 Rd5 1/2-1/2

[Event "XIII OGOLNOPOLSKA OLIMPIADA MLODZIEZY -"]
[Site "Turawa"]
[Date "2007.05.03"]
[Round "9.7"]
[White "Adamek, Przemyslaw"]
[Black "Jacek, Krystian"]
[Result "0-1"]
[WhiteElo "1957"]
[BlackElo "1858"]
[PlyCount "80"]
[EventDate "2007.??.??"]

1. e4 c5 2. Nf3 d6 3. d4 cxd4 4. Nxd4 Nf6 5. Nc3 a6 6. f3 e5 7. Nb3 Be6 8. Be3
Be7 9. Qd2 O-O 10. O-O-O Qc7 11. g4 Rc8 12. g5 Nh5 13. h4 a5 14. Bb5 Nd7 15.
Kb1 Nb6 16. Qf2 Nc4 17. Bxc4 Qxc4 18. Bb6 a4 19. Na5 Qa6 20. Nxa4 Qb5 21. b3
Rxa5 22. Bxa5 Qxa5 23. Qd2 Qa6 24. Nb2 Nf4 25. c4 Ra8 26. a4 Qa7 27. Qb4 b6 28.
Qc3 Qc7 29. Qe3 Qc5 30. Qxc5 bxc5 31. Kc2 Ne2 32. Rd3 Nd4+ 33. Kb1 Bd8 34. Rf1
Ba5 35. Ka2 Rb8 36. f4 exf4 37. Rxf4 Ne2 38. Rf1 Nc3+ 39. Ka1 Rxb3 40. Nd1 Rb1#
0-1

[Event "XIII OGOLNOPOLSKA OLIMPIADA MLODZIEZY -"]
[Site "Turawa"]
[Date "2007.05.03"]
[Round "9.8"]
[White "Solnicki, Michal"]
[Black "Sadzikowski, Daniel"]
[Result "1-0"]
[WhiteElo "1951"]
[BlackElo "2118"]
[PlyCount "77"]
[EventDate "2007.??.??"]

1. d4 Nf6 2. c4 g6 3. Nc3 Bg7 4. Nf3 d6 5. Bg5 h6 6. Bh4 g5 7. Bg3 Nh5 8. e3 c5
9. d5 Qa5 10. Qc2 Nd7 11. Be2 Nb6 12. Nd2 Nxg3 13. hxg3 Bxc3 14. bxc3 Qa4 15.
O-O-O Qxc2+ 16. Kxc2 Kf8 17. Rh2 Kg7 18. Rdh1 Bd7 19. f4 Rab8 20. g4 gxf4 21.
exf4 f5 22. gxf5 Bxf5+ 23. Bd3 Rbf8 24. g3 Nd7 25. Re2 Bxd3+ 26. Kxd3 Rf7 27.
Nf3 Nf6 28. Nh4 Ng4 29. Rhe1 Rhf8 30. Re6 h5 31. Rxe7 Ne5+ 32. R7xe5 dxe5 33.
Rxe5 Kh6 34. Ke4 Rf6 35. Re6 Rxe6+ 36. dxe6 Kg7 37. Ke5 Rd8 38. Nf5+ Kh7 39.
Nd6 1-0

[Event "XIII OGOLNOPOLSKA OLIMPIADA MLODZIEZY -"]
[Site "Turawa"]
[Date "2007.05.03"]
[Round "9.9"]
[White "Klepaczka, Tomasz"]
[Black "Janczarski, Michal"]
[Result "1/2-1/2"]
[WhiteElo "1953"]
[BlackElo "2081"]
[PlyCount "78"]
[EventDate "2007.??.??"]

1. e4 e6 2. d4 c5 3. d5 exd5 4. exd5 d6 5. c4 Nf6 6. Nc3 Be7 7. Nf3 O-O 8. Be2
Na6 9. O-O Nc7 10. Qc2 a6 11. b3 Rb8 12. Bb2 b5 13. Bd3 h6 14. Rae1 Re8 15. h3
Bf8 16. Rxe8 Qxe8 17. Re1 Qd8 18. Ne2 Nce8 19. Ng3 Rb7 20. Bc3 g6 21. Ne4 Bg7
22. Nxf6+ Nxf6 23. Qd2 Qf8 24. Qe2 b4 25. Bd2 Bd7 26. Qd1 Rb8 27. Bf4 Re8 28.
Nd2 Rxe1+ 29. Qxe1 Ne8 30. g4 f5 31. gxf5 gxf5 32. Nf1 Qf6 33. Ng3 Bf8 34. Kg2
Ng7 35. Qe3 Kh7 36. Qe2 a5 37. Qe3 Qg6 38. h4 Qf6 39. h5 a4 1/2-1/2

[Event "XIII OGOLNOPOLSKA OLIMPIADA MLODZIEZY -"]
[Site "Turawa"]
[Date "2007.05.03"]
[Round "9.10"]
[White "Witek, Pawel"]
[Black "Bokiej, Przemyslaw"]
[Result "1-0"]
[WhiteElo "1985"]
[BlackElo "2016"]
[PlyCount "88"]
[EventDate "2007.??.??"]

1. d4 e6 2. c4 b6 3. a3 Bb7 4. Nc3 f5 5. d5 Be7 6. g3 Nf6 7. Bg2 O-O 8. Nh3 Ne8
9. O-O Nd6 10. Bf4 c6 11. Qd3 Ba6 12. b3 exd5 13. Nxd5 Ne8 14. Qe3 Bc5 15. Qd2
Bb7 16. Bg5 Qc8 17. Nc3 Rf7 18. e4 fxe4 19. Nxe4 Be7 20. Rfe1 Bf8 21. Bf4 h6
22. Nd6 Nxd6 23. Bxd6 Bxd6 24. Qxd6 Rf6 25. Qd3 Rf8 26. Re7 Rf7 27. Rae1 Na6
28. Re8+ Qxe8 29. Rxe8+ Rxe8 30. Nf4 Nc5 31. Qc3 Ne4 32. Qd4 c5 33. Qd3 Rfe7
34. Nd5 Rf7 35. Bxe4 Kh8 36. Bg6 Re1+ 37. Kg2 Rf8 38. Be4 Re8 39. f3 Ra1 40. a4
Ra2+ 41. Kh3 d6 42. g4 h5 43. Kg3 hxg4 44. fxg4 Re5 1-0

[Event "XIII OGOLNOPOLSKA OLIMPIADA MLODZIEZY -"]
[Site "Turawa"]
[Date "2007.05.03"]
[Round "9.11"]
[White "Weichhold, Pawel"]
[Black "Koziej, Maciej"]
[Result "1-0"]
[WhiteElo "1897"]
[BlackElo "1990"]
[PlyCount "65"]
[EventDate "2007.??.??"]

1. e4 c5 2. Nf3 a6 3. d4 cxd4 4. Nxd4 Nf6 5. Nc3 e5 6. Nb3 Bb4 7. Bd3 d5 8.
exd5 Nxd5 9. Bd2 Nxc3 10. bxc3 Bd6 11. O-O Qc7 12. f4 O-O 13. Qf3 Nd7 14. Rae1
exf4 15. Bxf4 Bxf4 16. Qxf4 Qxf4 17. Rxf4 Nf6 18. Nd4 Bd7 19. c4 Rad8 20. c5
Nd5 21. Rf2 Nb4 22. Bc4 Ba4 23. c3 Nc6 24. Nf5 Rd1 25. Rxd1 Bxd1 26. Nd6 Nd8
27. Bd5 Ba4 28. Nxb7 Bc6 29. Bxc6 Nxc6 30. Rd2 Rb8 31. Rd6 Ne5 32. c6 Rc8 33.
c7 1-0

[Event "XIII OGOLNOPOLSKA OLIMPIADA MLODZIEZY -"]
[Site "Turawa"]
[Date "2007.05.03"]
[Round "9.12"]
[White "Zielinski, Wojciech"]
[Black "Lis, Marek"]
[Result "1-0"]
[WhiteElo "1886"]
[BlackElo "1968"]
[PlyCount "95"]
[EventDate "2007.??.??"]

1. e4 c5 2. Nf3 a6 3. c4 e6 4. d4 cxd4 5. Nxd4 Nf6 6. Nc3 Qc7 7. Be3 Nc6 8. Be2
Bb4 9. f3 O-O 10. O-O Ne5 11. Rc1 Ng6 12. Qe1 b6 13. Qf2 Be7 14. f4 d6 15. Bf3
Rb8 16. g4 e5 17. Nd5 Nxd5 18. cxd5 Qb7 19. Nc6 exf4 20. Bd4 Bh4 21. Qd2 Ra8
22. e5 dxe5 23. Bxe5 Qd7 24. Bxf4 Bb7 25. Rfd1 Rac8 26. Bg3 Bxg3 27. hxg3 Bxc6
28. dxc6 Qxd2 29. Rxd2 Ne5 30. Bg2 Rc7 31. Re2 Nxg4 32. Rce1 g6 33. Re7 Rfc8
34. Rxc7 Rxc7 35. Re8+ Kg7 36. Rb8 b5 37. Rb6 Ne3 38. Bf3 Nc4 39. Rxa6 Nxb2 40.
Rb6 Nd3 41. Rxb5 Kf6 42. Rb7 Rc8 43. Bd5 Ne5 44. a4 Rd8 45. c7 Rc8 46. a5 Nd7
47. a6 Nc5 48. a7 1-0

[Event "XIII OGOLNOPOLSKA OLIMPIADA MLODZIEZY -"]
[Site "Turawa"]
[Date "2007.05.03"]
[Round "9.13"]
[White "Mondrzycki, Bartlomiej"]
[Black "Borowicz, Przemyslaw"]
[Result "1-0"]
[WhiteElo "1949"]
[BlackElo "1926"]
[PlyCount "37"]
[EventDate "2007.??.??"]

1. e4 e6 2. d4 d5 3. Nc3 Bb4 4. e5 c5 5. a3 Bxc3+ 6. bxc3 Ne7 7. Qg4 O-O 8. Bd3
Nbc6 9. Qh5 Ng6 10. Nf3 Qc7 11. Be3 cxd4 12. cxd4 f6 13. h4 Qf7 14. Ng5 fxg5
15. hxg5 h6 16. Bxg6 Qe7 17. gxh6 gxh6 18. Bxh6 Rd8 19. Bf8 1-0

[Event "XIII OGOLNOPOLSKA OLIMPIADA MLODZIEZY -"]
[Site "Turawa"]
[Date "2007.05.03"]
[Round "9.15"]
[White "Sowul, Bartosz"]
[Black "Kaleta, Blazej"]
[Result "0-1"]
[WhiteElo "1966"]
[BlackElo "1899"]
[PlyCount "94"]
[EventDate "2007.??.??"]

1. d4 d5 2. c4 c6 3. Nf3 e6 4. Nc3 Nf6 5. Bg5 Nbd7 6. cxd5 exd5 7. e3 Be7 8.
Qc2 O-O 9. Bd3 Re8 10. O-O h6 11. Bf4 Nh5 12. Nxd5 Nxf4 13. Nxf4 Bd6 14. Ne2
Nf6 15. Ng3 Bg4 16. Nh4 Nd5 17. Nhf5 Bc7 18. a3 Qg5 19. Rae1 Qf6 20. Be4 Rad8
21. f3 Bxf5 22. Nxf5 Bb6 23. Kh1 Ne7 24. Ng3 Nd5 25. b4 Qg5 26. Qf2 Re6 27.
Bxd5 cxd5 28. f4 Qe7 29. f5 Rc6 30. b5 Rcd6 31. Rc1 Re8 32. Qf4 f6 33. Rf3 Rd7
34. Nh5 Qf7 35. Qg4 Re4 36. Nf4 Bc7 37. Rg3 Rde7 38. h4 h5 39. Qd1 Bxf4 40.
exf4 Rxf4 41. Rh3 Qe8 42. a4 Ree4 43. Rhc3 Rxd4 44. Qb3 Rxh4+ 45. Kg1 Qe5 46.
Rc8+ Kh7 47. R1c3 Qe1# 0-1

[Event "XIII OGOLNOPOLSKA OLIMPIADA MLODZIEZY -"]
[Site "Turawa"]
[Date "2007.05.03"]
[Round "9.16"]
[White "Wiewiora, Eneasz"]
[Black "Polok, Kacper"]
[Result "1/2-1/2"]
[WhiteElo "1876"]
[BlackElo "1878"]
[PlyCount "73"]
[EventDate "2007.??.??"]

1. e4 e5 2. Nf3 Nc6 3. Bc4 Bc5 4. c3 Nf6 5. d4 exd4 6. cxd4 Bb4+ 7. Bd2 Nxe4 8.
Bxb4 Nxb4 9. Bxf7+ Kxf7 10. Qb3+ d5 11. Ne5+ Kf8 12. Qxb4+ Qd6 13. Qb3 g6 14.
O-O Kg7 15. f3 Nf6 16. Nc3 Qb6 17. Qxb6 axb6 18. a3 c5 19. Nb5 Bf5 20. Rac1
Rac8 21. Nd6 Rc7 22. Nxf5+ gxf5 23. Rf2 c4 24. Re2 b5 25. Kf2 Re7 26. h3 Nh5
27. g3 Kf6 28. f4 Rg8 29. Re3 Reg7 30. g4 Nxf4 31. Rf3 Ne6 32. Rxf5+ Ke7 33.
Ke3 Ng5 34. h4 Ne4 35. Rcf1 Ke6 36. R1f3 Rc8 37. Rf7 1/2-1/2

[Event "XIII OGOLNOPOLSKA OLIMPIADA MLODZIEZY -"]
[Site "Turawa"]
[Date "2007.05.03"]
[Round "9.17"]
[White "Grzesiak, Filip"]
[Black "Kadziela, Konrad"]
[Result "1-0"]
[WhiteElo "1896"]
[BlackElo "1831"]
[PlyCount "79"]
[EventDate "2007.??.??"]

1. d4 e6 2. c4 d5 3. Nc3 c6 4. Nf3 Nd7 5. Bf4 b6 6. e3 Bb7 7. cxd5 exd5 8. Bd3
Ngf6 9. h3 Be7 10. O-O O-O 11. Rc1 Rc8 12. Qd2 Re8 13. Rfe1 Bf8 14. Qc2 h6 15.
Re2 a6 16. Bf5 Ra8 17. Na4 c5 18. Ne5 c4 19. Nxd7 Nxd7 20. Bxd7 Qxd7 21. Nxb6
Qb5 22. Nxa8 Rxa8 23. Qf5 g6 24. Qg4 Bc8 25. Qf3 Bf5 26. Be5 Be7 27. Rd2 Qa5
28. Rdd1 Be4 29. Qe2 Qxa2 30. Qd2 a5 31. f3 Bd3 32. Qf2 Ra7 33. Qd2 Bb4 34. Qf2
Be7 35. Qd2 Bb4 36. Qf2 Be7 37. Rxd3 cxd3 38. Rc8+ Bf8 39. Qh4 d2 40. Rxf8+ 1-0

[Event "XIII OGOLNOPOLSKA OLIMPIADA MLODZIEZY -"]
[Site "Turawa"]
[Date "2007.05.03"]
[Round "9.18"]
[White "Chudzik, Tomasz"]
[Black "Lorek, Milosz"]
[Result "1/2-1/2"]
[WhiteElo "1914"]
[BlackElo "1852"]
[PlyCount "66"]
[EventDate "2007.??.??"]

1. e4 e6 2. d4 d5 3. Nc3 Bb4 4. e5 Qd7 5. Bd2 b6 6. Bb5 c6 7. Ba4 Nh6 8. Nce2
Bxd2+ 9. Qxd2 a5 10. c3 O-O 11. Bc2 Ba6 12. Nh3 Nf5 13. O-O c5 14. Rfe1 Nc6 15.
g4 Nh4 16. Qf4 cxd4 17. Nxd4 Ng6 18. Qg3 Nxd4 19. cxd4 Rac8 20. Rac1 Qb5 21. b3
Qb4 22. Bxg6 fxg6 23. Qe3 Qe7 24. f4 h6 25. Nf2 Qf7 26. Nh3 Qe7 27. Kg2 Qa3 28.
Qd2 Kh7 29. g5 h5 30. Nf2 Qe7 31. Rxc8 Rxc8 32. Rc1 Qd7 33. Rxc8 Qxc8 1/2-1/2

[Event "XIII OGOLNOPOLSKA OLIMPIADA MLODZIEZY -"]
[Site "Turawa"]
[Date "2007.05.03"]
[Round "9.19"]
[White "Leczycki, Pawel"]
[Black "Ancuta, Adam"]
[Result "1/2-1/2"]
[WhiteElo "1826"]
[BlackElo "1817"]
[PlyCount "96"]
[EventDate "2007.??.??"]

1. d4 Nf6 2. c4 b6 3. Nc3 Bb7 4. Qc2 e6 5. Bg5 Be7 6. Nf3 d5 7. e3 c5 8. cxd5
cxd4 9. Bb5+ Kf8 10. Nxd4 Nxd5 11. Nxd5 Qxd5 12. Bxe7+ Kxe7 13. Qc7+ Nd7 14.
Nc6+ Bxc6 15. Bxc6 Rac8 16. Qxd7+ Qxd7 17. Bxd7 Kxd7 18. Rd1+ Ke7 19. Ke2 Rc2+
20. Rd2 Rhc8 21. Rhd1 R8c7 22. Rxc2 Rxc2+ 23. Rd2 Rxd2+ 24. Kxd2 Kd6 25. Kc3
Kd5 26. Kb4 a6 27. a4 g5 28. f3 f5 29. Kc3 e5 30. g3 h5 31. Kd3 Kc5 32. Kc3 a5
33. h3 Kc6 34. Kc4 Kd6 35. e4 g4 36. fxg4 hxg4 37. hxg4 fxg4 38. Kb5 Kc7 39. b3
Kb7 40. Kc4 Kc6 41. b4 axb4 42. Kxb4 Kd6 43. Kb5 Kc7 44. a5 bxa5 45. Kxa5 Kc6
46. Kb4 Kb6 47. Kc4 Kc6 48. Kb4 Kb6 1/2-1/2

[Event "XIII OGOLNOPOLSKA OLIMPIADA MLODZIEZY -"]
[Site "Turawa"]
[Date "2007.05.03"]
[Round "9.20"]
[White "Grabowski, Adam"]
[Black "Lukasiewicz, Aleksander"]
[Result "1/2-1/2"]
[WhiteElo "1793"]
[BlackElo "1816"]
[PlyCount "66"]
[EventDate "2007.??.??"]

1. d4 d5 2. c4 e6 3. Nc3 Nf6 4. cxd5 exd5 5. Bg5 Be7 6. e3 O-O 7. Bd3 Nbd7 8.
Qc2 c6 9. Nge2 Re8 10. O-O Nf8 11. a3 Ne4 12. Bxe7 Qxe7 13. b4 a6 14. Na4 Qg5
15. Nc5 Nxc5 16. bxc5 h5 17. Kh1 h4 18. h3 Qh6 19. Bf5 Ne6 20. Nc3 g6 21. Bd3
f5 22. Na4 Ng5 23. Nb6 Rb8 24. Nxc8 Rbxc8 25. Rab1 Rc7 26. Rb6 Ne4 27. Bxe4
fxe4 28. Rfb1 Ree7 29. Qe2 Rf7 30. R1b2 Qf8 31. Kg1 Qe7 32. Qg4 Kg7 33. a4 Kh7
1/2-1/2

[Event "XIII OGOLNOPOLSKA OLIMPIADA MLODZIEZY -"]
[Site "Turawa"]
[Date "2007.05.03"]
[Round "9.21"]
[White "Brzezinski, Mateusz"]
[Black "Swiech, Przemyslaw"]
[Result "0-1"]
[WhiteElo "1643"]
[BlackElo "1977"]
[PlyCount "50"]
[EventDate "2007.??.??"]

1. e4 c5 2. Nf3 Nc6 3. d4 cxd4 4. Nxd4 e5 5. Nb3 Nf6 6. Nc3 h6 7. f3 Bb4 8. Bd2
Bxc3 9. Bxc3 d5 10. exd5 Nxd5 11. Bc4 Qh4+ 12. g3 Qxc4 13. Qe2 Qxe2+ 14. Kxe2
Nxc3+ 15. bxc3 O-O 16. Rad1 e4 17. h3 exf3+ 18. Kxf3 Bf5 19. Rd2 Rfe8 20. Rhd1
Bxh3 21. Nc5 Ne5+ 22. Kf2 Ng4+ 23. Kg1 Re3 24. Rd3 Rae8 25. Rxe3 Rxe3 0-1